| 000 | 00820nam a22002771 4500 | ||
|---|---|---|---|
| 001 | 26571 | ||
| 003 | BD-RjUL | ||
| 005 | 20211209051032.0 | ||
| 008 | 140322r19711965enka 001 0 eng | ||
| 035 | _a(BD-RjUL)26641 | ||
| 035 | _a(OCoLC)9213030 | ||
| 040 |
_aDLC _cICarbS _dUk _dDLC _dBD-RjUL _beng |
||
| 041 | _aeng | ||
| 082 |
_a914 _bMOE 1971 |
||
| 100 | 1 |
_aMonkhouse, Francis John. _970980 |
|
| 245 | 1 | 0 |
_aEurope : _ba geographical survey / _cFrancis John Monkhouse. |
| 250 | _a3rd ed. | ||
| 260 |
_aLondon : _bLongmans, _cc1965 [Reprinted 1971]. |
||
| 300 |
_avii, 352 p. : _bill., maps, profiles. ; _c19 cm. |
||
| 490 | 0 | _aGeographies: a certificate series | |
| 504 | _aIncludes index. | ||
| 651 | 0 |
_aEurope _xDescription and travel. _965724 |
|
| 942 |
_2ddc _cBK |
||
| 999 |
_c26571 _d26571 |
||